书目信息 |
| 题名: |
土木工程专业制图
|
|
| 作者: | 周佶 主编 | |
| 分册: | ||
| 出版信息: | 北京 中国建筑工业出版社 2011.05 |
|
| 页数: | 84页 | |
| 开本: | 19×21cm | |
| 丛书名: | ||
| 单 册: | ||
| 中图分类: | TU204 | |
| 科图分类: | ||
| 主题词: | 土木工程--建筑制图 , 建筑制图 , 土木工程 | |
| 电子资源: | ||
| ISBN: | 978-7-112-12795-5 | |
| 000 | 00937nam0 2200289 450 | |
| 001 | 297600 | |
| 005 | 20110901151015.93 | |
| 010 | @a978-7-112-12795-5@dCNY80.00 (含光盘) | |
| 100 | @a20110615d2011 em y0chiy50 ea | |
| 101 | 0 | @achi |
| 102 | @aCN@b110000 | |
| 105 | @aa z 000yy | |
| 106 | @ar | |
| 200 | 1 | @a土木工程专业制图@f周佶主编@Atu mu gong cheng zhuan ye zhi tu |
| 210 | @a北京@c中国建筑工业出版社@d2011.05 | |
| 215 | @a84页@c图@d19×21cm@e光盘1片 | |
| 304 | @a中国建设教育协会组织 | |
| 307 | @a附光盘:ISBN 978-7-89475-215-4 | |
| 330 | @a本书以一套完整的的办公楼施工图为蓝本,结合各专业的制图规范,详细解释了各专业符号的含义和绘制方法,所用的施工图蓝本为实际工程项目,并进一步经过加工和细化。 | |
| 586 | @a | |
| 606 | 0 | @a土木工程@x建筑制图 |
| 606 | 0 | @a建筑制图 |
| 606 | 0 | @a土木工程 |
| 690 | @aTU204@v5 | |
| 701 | 0 | @a周佶@c(计算机制图)@4主编@Azhou ji |
| 801 | 0 | @aCN@c20110610 |
| 905 | @dTU204@eZ773 | |
| 土木工程专业制图/周佶主编.-北京:中国建筑工业出版社,2011.05 |
| 84页:图;19×21cm+光盘1片 |
| ISBN 978-7-112-12795-5:CNY80.00 (含光盘) |
| 本书以一套完整的的办公楼施工图为蓝本,结合各专业的制图规范,详细解释了各专业符号的含义和绘制方法,所用的施工图蓝本为实际工程项目,并进一步经过加工和细化。 |
| ● |
| 相关链接 |
|
|
|
正题名:土木工程专业制图
索取号:TU204/Z773
 
预约/预借
| 序号 | 登录号 | 条形码 | 馆藏地/架位号 | 状态 | 备注 |
| 1 | 1015726 | 210157266 | 建筑库101/101建筑库 109排6列3层/ [索取号:TU204/Z773] | 在馆 | |
| 2 | 1015727 | 210157275 | 建筑库101/101建筑库 109排6列3层/ [索取号:TU204/Z773] | 在馆 | |
| 3 | 1015728 | 210157284 | 建筑库101/101建筑库 109排6列3层/ [索取号:TU204/Z773] | 在馆 |